[Event "Arco op 31st"]
[Site "Arco"]
[Date "2009.10.17"]
[Round "1"]
[White "Innocenti, Sandro"]
[Black "Grom, Waldemar"]
[Result "1/2-1/2"]
[WhiteElo "1701"]
[BlackElo "1957"]
[PlyCount "139"]
[EventDate "2009.10.17"]
[EventType "swiss"]
[EventRounds "9"]
[EventCountry "ITA"]
[SourceTitle "EXT 2010"]
[Source "ChessBase"]
[SourceDate "2010.11.25"]
[SourceVersion "1"]
[SourceVersionDate "2010.11.25"]
[SourceQuality "1"]

1. e4 c5 2. Nf3 e6 3. d4 cxd4 4. Nxd4 a6 5. Be2 Nf6 6. Nc3 Qc7 7. 0-0 Bb4 8. Qd3 d6 9. a3 Bc5 10. Nb3 Nbd7 11. Bf4 Ne5 12. Bxe5 dxe5 13. Nxc5 Qxc5 14. Rfd1 0-0 15. Qd6 Qa7 16. Qxe5 Bd7 17. Qd4 Bc6 18. Qxa7 Rxa7 19. e5 Nd7 20. f4 Nb6 21. Rd2 Raa8 22. Rad1 Bd5 23. Kf2 f6 24. exf6 Rxf6 25. g3 g5 26. Rd4 Raf8 27. Ke3 gxf4+ 28. Rxf4 Bc6 29. Rdf1 Kg7 30. Rxf6 Rxf6 31. Rxf6 Kxf6 32. Bd3 h6 33. Kf4 e5+ 34. Ke3 Ke6 35. b3 Nd7 36. Be4 Nf6 37. Bxc6 bxc6 38. h3 a5 39. g4 Nd7 40. Ne4 Nb6 41. c4 Ke7 42. Nc5 Kf6 43. h4 Nc8 44. Nb7 a4 45. bxa4 Nb6 46. Nd6 Nxa4 47. Ne4+ Ke6 48. Kd3 Nb2+ 49. Kc3 Nd1+ 50. Kb4 Ne3 51. Nf2 Nc2+ 52. Kb3 Nd4+ 53. Kc3 Nf3 54. a4 Kd7 55. h5 Ng5 56. Kd3 Kc7 57. Ne4 Nf7 58. c5 Kb8 59. Nd6 Ng5 60. Nf5 Ka7 61. Nxh6 Ka6 62. Nf5 Ka5 63. Ne7 Kxa4 64. Nxc6 e4+ 65. Ke3 Kb5 66. Ne7 Kxc5 67. h6 Kd6 68. Nf5+ Ke5 69. Ng3 Nf7 70. Nxe4 1/2-1/2

[Event "EU-chT Seniors 11th"]
[Site "Velden"]
[Date "2009.04.09"]
[Round "5"]
[White "Nystrom, Ragnar"]
[Black "Grom, Waldemar"]
[Result "1-0"]
[WhiteElo "1971"]
[BlackElo "1975"]
[PlyCount "107"]
[EventDate "2009.04.05"]
[EventType "team-swiss"]
[EventRounds "9"]
[EventCountry "AUT"]
[SourceTitle "CBM 129 Extra"]
[Source "ChessBase"]
[SourceDate "2009.05.05"]
[SourceVersion "2"]
[SourceVersionDate "2009.05.20"]
[SourceQuality "1"]

1. d4 d5 2. c4 c6 3. Nf3 Nf6 4. Nc3 e6 5. e3 Be7 6. Bd3 dxc4 7. Bxc4 b5 8. Bd3 a6 9. 0-0 Bb7 10. Qe2 Nbd7 11. Rd1 Qc7 12. Bd2 c5 13. Rac1 c4 14. Bc2 Ng4 15. e4 Ngf6 16. Bg5 Nb6 17. Bh4 0-0 18. Bg3 Qd8 19. Ne5 Rc8 20. a3 Qe8 21. Ng4 a5 22. Nxf6+ Bxf6 23. Bd6 Bg5 24. Ra1 Be7 25. Bxe7 Qxe7 26. Nxb5 Ba6 27. Nc3 Rfd8 28. Qh5 a4 29. Qa5 Qb7 30. Bxa4 Ra8 31. Bb5 Rdc8 32. Rab1 Nd7 33. Bxa6 Rxa6 34. Qg5 Qb3 35. Rdc1 Rb8 36. Qd2 Rd6 37. Qe3 Rdb6 38. h3 f6 39. Qe2 Rd6 40. Qe3 Rc8 41. d5 Ne5 42. dxe6 Rxe6 43. Qe2 Rd8 44. Qc2 Qb8 45. b3 Qc8 46. bxc4 Qxc4 47. Qb3 Rd3 48. Qb8+ Kf7 49. Nd5 Qxe4 50. Qb7+ Nd7 51. Qxd7+ Kf8 52. Rb8+ Re8 53. Rxe8+ Qxe8 54. Rc8 1-0

[Event "Arco op 29th"]
[Site "Arco"]
[Date "2007.10.26"]
[Round "7"]
[White "Grom, Waldemar"]
[Black "Castellano, Alfonso"]
[Result "1/2-1/2"]
[WhiteElo "2014"]
[BlackElo "1926"]
[PlyCount "74"]
[EventDate "2007.10.20"]
[EventType "swiss"]
[EventRounds "9"]
[EventCountry "ITA"]
[SourceTitle "CBM 120 Extra"]
[Source "ChessBase"]
[SourceDate "2007.11.01"]
[SourceVersion "1"]
[SourceVersionDate "2007.11.01"]
[SourceQuality "1"]

1. c4 b6 2. Nc3 Bb7 3. Nf3 d6 4. d4 Nf6 5. d5 g6 6. e4 Nbd7 7. Be2 Bg7 8. h3 Nc5 9. Qc2 a5 10. 0-0 0-0 11. Be3 Ncd7 12. Bd4 c6 13. Rad1 c5 14. Be3 Re8 15. Bf4 Rc8 16. Bh2 Qc7 17. Nb5 Qb8 18. e5 dxe5 19. d6 e6 20. Nxe5 Red8 21. Bf3 Ne8 22. Nxd7 Rxd7 23. Bxb7 Qxb7 24. Rfe1 Bf8 25. Rd2 Rcd8 26. Red1 Qc6 27. Bf4 Nxd6 28. Bg5 Rb8 29. Qc3 Ne4 30. Qe5 Nxd2 31. Rxd2 Rbb7 32. Rxd7 Qxd7 33. Bf6 Qc6 34. h4 h5 35. Nc3 Qd6 36. Qe4 Rd7 37. Qa8 Qd2 1/2-1/2

[Event "Arco op 29th"]
[Site "Arco"]
[Date "2007.10.24"]
[Round "5"]
[White "Grom, Waldemar"]
[Black "Zucchelli, Massimo"]
[Result "0-1"]
[WhiteElo "2014"]
[BlackElo "2118"]
[PlyCount "86"]
[EventDate "2007.10.20"]
[EventType "swiss"]
[EventRounds "9"]
[EventCountry "ITA"]
[SourceTitle "CBM 120 Extra"]
[Source "ChessBase"]
[SourceDate "2007.11.01"]
[SourceVersion "1"]
[SourceVersionDate "2007.11.01"]
[SourceQuality "1"]

1. c4 e6 2. Nc3 d5 3. cxd5 exd5 4. d4 Nf6 5. Nf3 c6 6. a3 Bd6 7. Bg5 Nbd7 8. e3 Nf8 9. Be2 Ng6 10. e4 dxe4 11. Nxe4 Be7 12. Nc3 h6 13. Bd2 Bd6 14. 0-0 0-0 15. Re1 Be6 16. Bf1 Bc7 17. Qc2 Bg4 18. Ne5 Qxd4 19. Nxg6 fxg6 20. Be3 Qd6 21. g3 Kh7 22. Bg2 Bb6 23. h3 Bf5 24. Qb3 Be6 25. Qc2 Qd7 26. Rad1 Qf7 27. Rc1 Bb3 28. Qe2 Rae8 29. Qd2 Rd8 30. Qe2 Nd5 31. Nxd5 Bxd5 32. Bxd5 Rxd5 33. Bxb6 axb6 34. Rc2 Rfd8 35. Qe3 Qf5 36. Rce2 Qxh3 37. Qf3 Qf5 38. Qb3 b5 39. Re7 R8d7 40. Qc3 Rxe7 41. Rxe7 Rd1+ 42. Kg2 Qd5+ 43. Qf3 Rg1+ 0-1

[Event "Arco op 29th"]
[Site "Arco"]
[Date "2007.10.23"]
[Round "4"]
[White "Niccoli, Paolo"]
[Black "Grom, Waldemar"]
[Result "0-1"]
[WhiteElo "1861"]
[BlackElo "2014"]
[PlyCount "108"]
[EventDate "2007.10.20"]
[EventType "swiss"]
[EventRounds "9"]
[EventCountry "ITA"]
[SourceTitle "CBM 120 Extra"]
[Source "ChessBase"]
[SourceDate "2007.11.01"]
[SourceVersion "1"]
[SourceVersionDate "2007.11.01"]
[SourceQuality "1"]

1. e4 c5 2. Nf3 e6 3. d4 cxd4 4. Nxd4 a6 5. Nc3 Qc7 6. Bd3 Nf6 7. 0-0 Bc5 8. Be3 d6 9. Kh1 Nbd7 10. f4 0-0 11. Qf3 Rb8 12. Rae1 b5 13. Nce2 g6 14. Ng3 e5 15. Nb3 Bxe3 16. Qxe3 exf4 17. Qxf4 Ne8 18. Nd4 Ne5 19. h4 Ng7 20. h5 gxh5 21. Ngf5 f6 22. Re3 Kh8 23. Rg3 Nxf5 24. exf5 Qf7 25. Be4 Bd7 26. Rd1 Rg8 27. Rxg8+ Rxg8 28. Nf3 Rg4 29. Qe3 Nc4 30. Qe2 Qe7 31. Re1 Nxb2 32. Qe3 Nc4 33. Qh6 Ne5 34. Qxh5 Qg7 35. Nxe5 dxe5 36. Rd1 Rxe4 37. Qf3 Rh4+ 38. Kg1 e4 39. Qc3 Rg4 40. Qc7 Rxg2+ 41. Kh1 h5 42. Qd8+ Be8 43. Qxe8+ Kh7 44. Qxh5+ Qh6 45. Rd7+ Rg7 46. Qxh6+ Kxh6 47. Rd6 Kg5 48. Rxa6 Kxf5 49. Rb6 e3 50. Rxb5+ Kf4 51. Rb4+ Kf3 52. Rb6 f5 53. Re6 f4 54. a4 e2 0-1

[Event "Arco op 29th"]
[Site "Arco"]
[Date "2007.10.21"]
[Round "2"]
[White "Serafimov, Dimitar"]
[Black "Grom, Waldemar"]
[Result "1/2-1/2"]
[WhiteElo "2168"]
[BlackElo "2014"]
[PlyCount "107"]
[EventDate "2007.10.20"]
[EventType "swiss"]
[EventRounds "9"]
[EventCountry "ITA"]
[SourceTitle "CBM 120 Extra"]
[Source "ChessBase"]
[SourceDate "2007.11.01"]
[SourceVersion "1"]
[SourceVersionDate "2007.11.01"]
[SourceQuality "1"]

1. c4 c6 2. g3 d5 3. Bg2 e6 4. Nf3 Nf6 5. 0-0 Be7 6. d4 0-0 7. Nc3 Nbd7 8. Bg5 dxc4 9. e4 h6 10. Bf4 Re8 11. Qc2 Nf8 12. Rad1 Ng6 13. Be3 Qa5 14. h3 b5 15. d5 cxd5 16. exd5 exd5 17. Nd4 Bb7 18. Ndxb5 Ne4 19. Nxd5 Qxb5 20. Bxe4 Bf8 21. Nc7 Bxe4 22. Qxe4 Rxe4 23. Nxb5 Rb8 24. Nc3 Re6 25. Bxa7 Rxb2 26. Rd8 Kh7 27. Rc8 Bb4 28. Rxc4 Bxc3 29. Rxc3 Rxa2 30. Be3 f6 31. Rb1 Re7 32. Rc8 Rd7 33. Rbc1 Ne5 34. R8c7 Rxc7 35. Rxc7 Ra1+ 36. Kg2 Rd1 37. g4 Rd7 38. Rxd7 Nxd7 39. Kf3 Kg6 40. Ke4 Kf7 41. h4 Ne5 42. f3 Ke6 43. Bf4 Nf7 44. Bg3 g6 45. Bf4 f5+ 46. Kd4 fxg4 47. fxg4 h5 48. gxh5 gxh5 49. Ke4 Kf6 50. Bc7 Kg6 51. Kf4 Nh6 52. Bd8 Nf5 53. Bg5 Nxh4 54. Bxh4 1/2-1/2

[Event "Bad Woerishofen Seniors opA 23rd"]
[Site "Bad Woerishofen"]
[Date "2007.03.13"]
[Round "6"]
[White "Grom, Waldemar"]
[Black "Klein, Klaus"]
[Result "0-1"]
[WhiteElo "2024"]
[BlackElo "2120"]
[PlyCount "101"]
[EventDate "2007.03.08"]
[EventType "swiss"]
[EventRounds "9"]
[EventCountry "GER"]
[SourceTitle "EXT 2008"]
[Source "ChessBase"]
[SourceDate "2007.11.25"]
[SourceVersion "1"]
[SourceVersionDate "2007.11.25"]
[SourceQuality "1"]

1. c4 c6 2. Nc3 d5 3. cxd5 cxd5 4. d4 Nf6 5. Nf3 Nc6 6. a3 Bf5 7. e3 e6 8. Be2 Bd6 9. 0-0 0-0 10. b4 Rc8 11. Bb2 Qe7 12. Rc1 a5 13. b5 Nb8 14. Qb3 b6 15. Na4 Qb7 16. Bd3 Bxd3 17. Qxd3 Ne4 18. Ne5 f6 19. Nf3 Nd7 20. h3 Rxc1 21. Rxc1 Rc8 22. Rc2 Rxc2 23. Qxc2 Qc7 24. Qc6 Qxc6 25. bxc6 Nb8 26. Nxb6 Nxc6 27. Kf1 Na7 28. Ke2 Nb5 29. a4 Na7 30. Ne1 f5 31. f3 Nf6 32. Nd3 Bc7 33. Na8 Bd6 34. Bc3 Nc6 35. Nc5 Bxc5 36. dxc5 Nd7 37. Nc7 Nxc5 38. Ba1 Kf7 39. Nb5 Nxa4 40. Nd6+ Ke7 41. Nb5 g6 42. Kd2 Nb6 43. Kc3 Nc4 44. Kd3 Nb4+ 45. Ke2 Nxe3 46. Kxe3 Nc2+ 47. Kd2 Nxa1 48. Kc3 a4 49. f4 Nb3 50. h4 Nc5 51. Kb4 0-1

[Event "Villach Admira 60 op"]
[Site "Villach"]
[Date "2006.02.14"]
[Round "5"]
[White "Grom, Waldemar"]
[Black "Arztmann, Wolfgang"]
[Result "0-1"]
[WhiteElo "2012"]
[BlackElo "2098"]
[PlyCount "72"]
[EventDate "2006.02.11"]
[EventType "swiss"]
[EventRounds "9"]
[EventCountry "AUT"]
[SourceTitle "CBM 110 Extra"]
[Source "ChessBase"]
[SourceDate "2006.03.10"]
[SourceVersion "2"]
[SourceVersionDate "2006.03.10"]
[SourceQuality "1"]

1. c4 e5 2. g3 d6 3. Bg2 f5 4. Nc3 Nf6 5. e3 Be7 6. Nge2 0-0 7. 0-0 c6 8. d4 Na6 9. a3 Nc7 10. Qb3 e4 11. d5 Nd7 12. dxc6 bxc6 13. c5+ d5 14. Qa4 Nxc5 15. Qc2 Ba6 16. b4 Bd3 17. Qa2 Bc4 18. Qc2 Nd3 19. Rd1 Bf6 20. Rb1 Ne5 21. Nd4 Qd7 22. Rb2 Nd3 23. Rb1 a5 24. b5 Nxb5 25. Ndxb5 cxb5 26. Ne2 b4 27. Nf4 Rfc8 28. Qd2 Rab8 29. axb4 Nxf4 30. gxf4 Bd3 31. Rb3 Bc2 32. Ra3 Bxd1 33. Qxd1 axb4 34. Ra5 Qc6 35. Bd2 b3 36. Bh3 b2 0-1

[Event "Bled op 24th"]
[Site "Bled"]
[Date "2003.07.16"]
[Round "4"]
[White "Srebrnic, Ana"]
[Black "Grom, Waldemar"]
[Result "1-0"]
[WhiteElo "2243"]
[BlackElo "2066"]
[PlyCount "103"]
[EventDate "2003.07.14"]
[EventType "swiss"]
[EventRounds "9"]
[EventCountry "SLO"]
[SourceTitle "CBM 095 Extra"]
[Source "ChessBase"]
[SourceDate "2003.09.04"]
[SourceVersion "1"]
[SourceVersionDate "2003.09.04"]
[SourceQuality "1"]

1. Nf3 c5 2. c4 e6 3. Nc3 a6 4. g3 Nf6 5. Bg2 Be7 6. 0-0 0-0 7. b3 d5 8. cxd5 exd5 9. d4 cxd4 10. Nxd4 Nc6 11. Bb2 Bc5 12. Nxc6 bxc6 13. Na4 Be7 14. Rc1 Bd7 15. Bd4 Re8 16. Bc5 Bxc5 17. Nxc5 Bg4 18. Re1 Qe7 19. Qd2 Bf5 20. Qf4 Bg6 21. Qa4 Rec8 22. e3 h6 23. Rc3 h5 24. Bh3 Rc7 25. Rec1 a5 26. Qf4 Raa7 27. Bf1 Ng4 28. Na6 Rd7 29. Nb8 Ne5 30. Nxd7 Rxd7 31. Be2 Rd6 32. Qh4 Rf6 33. Qa4 Qe6 34. Bf1 Be4 35. Bg2 Qf5 36. f4 Nf3+ 37. Kh1 h4 38. Rxc6 hxg3 39. Rxf6 Qxf6 40. Qe8+ Kh7 41. Qd7 g6 42. Qh3+ Kg7 43. Qxg3 Qb2 44. Rf1 Nd2 45. Qf2 Qc2 46. Re1 Qxa2 47. Bxe4 dxe4 48. Rd1 Qxb3 49. Qxd2 a4 50. Rc1 Qe6 51. Qd4+ Kh6 52. Qh8# 1-0

[Event "Faakersee op 18th"]
[Site "Latschach"]
[Date "2002.08.12"]
[Round "4"]
[White "Neff, Gregor"]
[Black "Grom, Waldemar"]
[Result "1-0"]
[WhiteElo "1912"]
[BlackElo "2098"]
[PlyCount "81"]
[EventDate "2002.08.??"]
[EventType "swiss"]
[EventRounds "9"]
[EventCountry "AUT"]
[SourceTitle "EXT 2006"]
[Source "ChessBase"]
[SourceDate "2005.11.24"]
[SourceVersion "1"]
[SourceVersionDate "2005.11.24"]
[SourceQuality "1"]

1. c4 c6 2. e4 e6 3. Nc3 Ne7 4. Nf3 d5 5. d4 a6 6. Be2 dxc4 7. Bxc4 b5 8. Bd3 Nd7 9. 0-0 Bb7 10. Re1 Nb6 11. Bg5 Qb8 12. e5 Ng6 13. h4 Be7 14. Bxe7 Nxe7 15. Ne4 Nbc8 16. Nfg5 Nf5 17. Qh5 g6 18. Nf6+ Ke7 19. Qg4 h5 20. Qf4 Nb6 21. Bxf5 gxf5 22. Nf3 Kd8 23. Qg5 Kc7 24. Rac1 Qd8 25. d5 exd5 26. Qxf5 Kb8 27. Nd4 Qc7 28. e6 fxe6 29. Rxe6 Nc4 30. b3 Nd6 31. Qe5 Rd8 32. Re7 Qa5 33. Rxc6 Qa3 34. Rcc7 Ra7 35. Rcd7 Qc1+ 36. Kh2 Rxd7 37. Rxd7 Ka8 38. Rxd6 Qc5 39. Nxd5 Bxd5 40. Qxd5+ Qxd5 41. Rxd5 1-0

[Event "Faakersee op 17th"]
[Site "Latschach"]
[Date "2001.08.12"]
[Round "2"]
[White "Kaufeld, Juergen"]
[Black "Grom, Waldemar"]
[Result "1-0"]
[WhiteElo "2176"]
[BlackElo "2001"]
[PlyCount "95"]
[EventDate "2001.08.04"]
[EventType "swiss"]
[EventRounds "9"]
[EventCountry "AUT"]
[SourceTitle "EXT 2002"]
[Source "ChessBase"]
[SourceDate "2001.11.25"]
[SourceVersion "1"]
[SourceVersionDate "2001.11.25"]
[SourceQuality "1"]

1. e4 c5 2. Nf3 e6 3. Nc3 a6 4. g3 Nc6 5. Bg2 Nf6 6. 0-0 d6 7. b3 Be7 8. Bb2 Bd7 9. d4 cxd4 10. Nxd4 Rc8 11. Nce2 e5 12. Nxc6 Bxc6 13. Qd3 Qc7 14. a4 0-0 15. c4 b6 16. Nc3 Qb7 17. Rfd1 Rfd8 18. Qe2 Rb8 19. Qe3 Ng4 20. Qf3 Nf6 21. Qe3 Ng4 22. Qd2 Nf6 23. h3 b5 24. cxb5 axb5 25. a5 Ra8 26. Qe3 b4 27. Nd5 Nxd5 28. exd5 Bb5 29. Qe1 Bd7 30. Bxe5 Re8 31. Qd2 Bg5 32. Bf4 Bxf4 33. Qxf4 Re5 34. Rd4 Rae8 35. Rxb4 Re1+ 36. Rxe1 Rxe1+ 37. Kh2 Qa7 38. Qd2 Re8 39. Rb6 Qc7 40. Qb4 Qc2 41. Qxd6 Bc8 42. Qc6 Qe2 43. Rb8 Bd7 44. Rxe8+ Bxe8 45. Qc8 g6 46. d6 Qb5 47. d7 Qxd7 48. Qxd7 1-0

[Event "Bled op 22nd"]
[Site "Bled"]
[Date "2001.03.25"]
[Round "2"]
[White "Asylguzhin, Radik"]
[Black "Grom, Waldemar"]
[Result "1-0"]
[WhiteElo "2354"]
[BlackElo "2001"]
[PlyCount "83"]
[EventDate "2001.03.24"]
[EventType "swiss"]
[EventRounds "9"]
[EventCountry "SLO"]
[SourceTitle "CBM 081 Extra"]
[Source "ChessBase"]
[SourceDate "2001.05.06"]
[SourceVersion "1"]
[SourceVersionDate "2001.05.06"]
[SourceQuality "1"]

1. e4 c5 2. c4 Nc6 3. Ne2 Nf6 4. Nbc3 Ne5 5. d3 e6 6. f4 Nc6 7. e5 Ng8 8. d4 cxd4 9. Nxd4 Bc5 10. Be3 Qb6 11. Na4 Bb4+ 12. Kf2 Qd8 13. Nb5 Nh6 14. c5 0-0 15. Qh5 Nf5 16. Bd3 g6 17. Qh3 Nxe3 18. Qxe3 a6 19. Nd6 f6 20. Rhf1 fxe5 21. Kg1 exf4 22. Rxf4 Rxf4 23. Qxf4 Qe7 24. a3 Ba5 25. Rf1 Bc7 26. Nb6 Bxb6 27. cxb6 Qg7 28. Kh1 Ne7 29. g4 Nd5 30. Qf2 Qe7 31. Qc5 Qd8 32. Qf2 Qe7 33. Qc5 Qd8 34. Qf2 Qe7 35. Qg3 e5 36. Bc4 Qxd6 37. Rd1 Qxb6 38. Rxd5 Qf6 39. Qxe5 Qf3+ 40. Kg1 Qxg4+ 41. Kf2 Qxc4 42. Qe8+ 1-0

[Event "Bled op 22nd"]
[Site "Bled"]
[Date "2001.03.24"]
[Round "1"]
[White "Grom, Waldemar"]
[Black "Vavpetic, Vide"]
[Result "1/2-1/2"]
[WhiteElo "2001"]
[BlackElo "2269"]
[PlyCount "67"]
[EventDate "2001.03.24"]
[EventType "swiss"]
[EventRounds "9"]
[EventCountry "SLO"]
[SourceTitle "CBM 081 Extra"]
[Source "ChessBase"]
[SourceDate "2001.05.06"]
[SourceVersion "1"]
[SourceVersionDate "2001.05.06"]
[SourceQuality "1"]

1. c4 Nf6 2. g3 g6 3. Bg2 Bg7 4. Nc3 0-0 5. e3 c6 6. Nge2 Na6 7. 0-0 Nc7 8. d4 d5 9. cxd5 Nfxd5 10. e4 Nb6 11. b3 Bg4 12. f3 Be6 13. Be3 Qd7 14. Rc1 Rad8 15. Qc2 Bh3 16. Rcd1 Bxg2 17. Kxg2 Qc8 18. a4 Nd7 19. Qb1 b6 20. b4 e5 21. d5 cxd5 22. Nxd5 Nxd5 23. Rxd5 Nf6 24. Rxd8 Rxd8 25. Rd1 Bf8 26. Bg5 Rxd1 27. Qxd1 Nd7 28. Qb3 a5 29. bxa5 bxa5 30. Bd2 Bb4 31. Bxb4 Qb7 32. Nc3 Qxb4 33. Qc2 Qc4 34. Qd2 1/2-1/2

[Event "Finkenstein op 16th"]
[Site "Finkenstein"]
[Date "2000.08.17"]
[Round "7"]
[White "Grom, Waldemar"]
[Black "Schlanitz, Egon"]
[Result "1-0"]
[WhiteElo "2001"]
[BlackElo "2042"]
[PlyCount "39"]
[EventDate "2000.08.12"]
[EventType "swiss"]
[EventRounds "9"]
[EventCountry "AUT"]
[SourceTitle "EXT 2001"]
[Source "ChessBase"]
[SourceDate "2000.11.22"]
[SourceVersion "1"]
[SourceVersionDate "2000.11.22"]
[SourceQuality "1"]

1. c4 g6 2. Nc3 Bg7 3. d4 Nf6 4. e4 d6 5. Nf3 0-0 6. Be2 e5 7. 0-0 Nc6 8. d5 Ne7 9. Rb1 a5 10. Bd2 h6 11. a3 Nd7 12. b4 axb4 13. axb4 f5 14. Qc1 Kh7 15. Ne1 Nf6 16. f3 c6 17. Be3 fxe4 18. fxe4 cxd5 19. cxd5 Bg4 20. Rxf6 1-0

[Event "Finkenstein op 16th"]
[Site "Finkenstein"]
[Date "2000.08.14"]
[Round "4"]
[White "Basagic, Zlatko"]
[Black "Grom, Waldemar"]
[Result "1-0"]
[WhiteElo "2338"]
[BlackElo "2001"]
[PlyCount "47"]
[EventDate "2000.08.12"]
[EventType "swiss"]
[EventRounds "9"]
[EventCountry "AUT"]
[SourceTitle "EXT 2001"]
[Source "ChessBase"]
[SourceDate "2000.11.22"]
[SourceVersion "1"]
[SourceVersionDate "2000.11.22"]
[SourceQuality "1"]

1. e4 c5 2. Nf3 e6 3. d4 cxd4 4. Nxd4 a6 5. Bd3 Nf6 6. 0-0 Qc7 7. c4 Bd6 8. h3 b6 9. Nc3 Bc5 10. Nc2 Bb7 11. b4 Be7 12. b5 d6 13. Nd4 a5 14. Qe2 Nbd7 15. Na4 0-0 16. f4 Rfe8 17. Bb2 e5 18. fxe5 dxe5 19. Nf5 Kf8 20. Rac1 Rad8 21. Nc3 g6 22. Nd5 Bxd5 23. cxd5 Nc5 24. Ne3 1-0

[Event "Finkenstein op 16th"]
[Site "Finkenstein"]
[Date "2000.08.13"]
[Round "2"]
[White "Siegmund, Rainer"]
[Black "Grom, Waldemar"]
[Result "1/2-1/2"]
[WhiteElo "2143"]
[BlackElo "2001"]
[PlyCount "143"]
[EventDate "2000.08.12"]
[EventType "swiss"]
[EventRounds "9"]
[EventCountry "AUT"]
[SourceTitle "EXT 2001"]
[Source "ChessBase"]
[SourceDate "2000.11.22"]
[SourceVersion "1"]
[SourceVersionDate "2000.11.22"]
[SourceQuality "1"]

1. d4 d5 2. Nf3 Nf6 3. c4 c6 4. Nc3 e6 5. e3 Nbd7 6. Qc2 a6 7. b3 Be7 8. Bb2 0-0 9. Bd3 dxc4 10. bxc4 c5 11. 0-0 cxd4 12. exd4 Qc7 13. Rfe1 b6 14. Rad1 h6 15. Qe2 Bb7 16. Ne5 Nxe5 17. dxe5 Qc6 18. Qf1 Nh5 19. Be4 Qc8 20. Qe2 Nf4 21. Qg4 g5 22. Bxb7 Qxb7 23. Ne4 Rad8 24. Qf3 Rxd1 25. Rxd1 Qc7 26. g3 Ng6 27. Nd6 Qc5 28. Qe2 Qc6 29. Qe4 Qxe4 30. Nxe4 Rc8 31. Nd6 Rc6 32. Kf1 f6 33. Rd2 fxe5 34. Ne4 Rxc4 35. f3 b5 36. a3 a5 37. Nf2 h5 38. Nd3 e4 39. fxe4 Rxe4 40. Nf2 Re3 41. Nd3 g4 42. Kf2 Rf3+ 43. Kg2 h4 44. Nf2 Bxa3 45. Nxg4 Rb3 46. Rd8+ Kf7 47. Ba1 h3+ 48. Kf2 Bb2 49. Bxb2 Rxb2+ 50. Ke3 a4 51. Ra8 Rb3+ 52. Ke4 a3 53. Ra7+ Ke8 54. Nf6+ Kd8 55. Kd4 Kc8 56. Kc5 Ne5 57. Kb6 Kd8 58. Kc5 Rf3 59. Ne4 b4 60. Ra8+ Kc7 61. Kxb4 Re3 62. Ra7+ Kc8 63. Ra8+ Kc7 64. Ng5 Nc6+ 65. Kc5 Rc3+ 66. Kb5 e5 67. Nxh3 e4 68. Nf4 e3 69. h4 Nd4+ 70. Kb4 e2 71. Nxe2 Nxe2 72. Rxa3 1/2-1/2

[Event "Jacques Lemans op 19th"]
[Site "St Veit"]
[Date "2000.??.??"]
[Round "2"]
[White "Grom, Waldemar"]
[Black "Benda, Herbert"]
[Result "1-0"]
[WhiteElo "2001"]
[BlackElo "2222"]
[PlyCount "59"]
[EventDate "2000.07.??"]
[EventType "swiss"]
[EventRounds "9"]
[EventCountry "AUT"]
[SourceTitle "EXT 2001"]
[Source "ChessBase"]
[SourceDate "2000.11.22"]
[SourceVersion "1"]
[SourceVersionDate "2000.11.22"]
[SourceQuality "1"]

1. c4 g6 2. Nc3 Bg7 3. g3 e5 4. Bg2 Nc6 5. a3 a5 6. e3 f5 7. Nge2 e4 8. d3 exd3 9. Qxd3 Ne5 10. Qc2 Nf6 11. b3 0-0 12. h3 c6 13. Bb2 Qe7 14. Rd1 d6 15. 0-0 Be6 16. a4 Rad8 17. Ba3 Ne4 18. Nxe4 fxe4 19. Nf4 Bf5 20. Qd2 g5 21. Nh5 Bxh3 22. Bxd6 Qf7 23. f4 Qxh5 24. fxe5 Rxf1+ 25. Rxf1 Bxe5 26. Qxa5 Re8 27. Bxe5 Bxg2 28. Kxg2 g4 29. Bc7 c5 30. Qd2 1-0

[Event "Feffernitz Raika op 08th"]
[Site "Feffernitz"]
[Date "1999.08.21"]
[Round "8.20"]
[White "Grom, Waldemar"]
[Black "Saringer, Hubert"]
[Result "0-1"]
[WhiteElo "2029"]
[BlackElo "1806"]
[PlyCount "134"]
[EventDate "1999.08.??"]
[EventType "swiss"]
[EventRounds "9"]
[EventCountry "AUT"]
[SourceTitle "EXT 2004"]
[Source "ChessBase"]
[SourceDate "2003.11.25"]
[SourceVersion "1"]
[SourceVersionDate "2003.11.25"]
[SourceQuality "1"]

1. c4 Nf6 2. d4 e6 3. Nc3 d5 4. Nf3 c6 5. Bg5 Be7 6. e3 Nbd7 7. Bd3 dxc4 8. Bxc4 Nd5 9. Bxe7 Qxe7 10. Rc1 0-0 11. 0-0 N7f6 12. Bd3 Rd8 13. e4 Nf4 14. e5 N6d5 15. Bb1 h6 16. Qc2 g6 17. Ne4 Kg7 18. a3 Rh8 19. Qd2 Bd7 20. g3 Nh3+ 21. Kg2 Ng5 22. Nfxg5 hxg5 23. Nxg5 Rh5 24. h4 Rah8 25. Qd3 Rxh4 26. f4 Rh2+ 27. Kf3 Rxb2 28. Rc2 Rxc2 29. Bxc2 Rh6 30. Kg2 c5 31. dxc5 Bc6 32. Ne4 f5 33. exf6+ Nxf6 34. Qd4 Kf7 35. Kg1 Nxe4 36. Bxe4 Bxe4 37. Qxe4 Qxc5+ 38. Rf2 Qc1+ 39. Rf1 Qb2 40. Rf2 Qb6 41. Qb4 Qc6 42. Rg2 Rh5 43. g4 Qc5+ 44. Qxc5 Rxc5 45. Rb2 b6 46. Kf2 Kf6 47. Rb4 g5 48. Ra4 a5 49. Kg3 Rc3+ 50. Kf2 gxf4 51. Rxf4+ Kg5 52. Re4 Rxa3 53. Rxe6 Rb3 54. Re4 b5 55. Ke2 a4 56. Kd2 a3 57. Re8 Kxg4 58. Ra8 b4 59. Ra4 Rb2+ 60. Kc1 Kf3 61. Ra8 Ke3 62. Re8+ Kd3 63. Rd8+ Kc3 64. Rg8 Kb3 65. Rg3+ Ka2 66. Rd3 b3 67. Rc3 Rg2 0-1